Statistiques concernant Les conflits de 1900 à 2000

Cliquez ici pour prendre le quiz!

Statistiques générales

  • Ce quiz a été pris 53 fois
  • Le résultat moyen est 7 sur 116

Statistiques - réponses

Dates et lieuxRéponses% Correct
1954-1962 (Algérie)Guerre d'Algérie
72%
1946-1954 (France, Cambodge, Laos, Chine, URSS, Pologne, RDA)Guerre d'Indochine
52%
1947-1991 (Monde)Guerre Froide
50%
1950-1953 (Corée du Nord, Corée du Sud)Guerre de Corée
43%
1960-1975 (Sud-Vietnam, USA, Corée du Sud, Thailande, Taiwan, Australie, Nouvelle-Zélande, Philippines, RDA, URSS, Mongolie, Chine, Nord-Vietnam, Corée du Nord, Cuba)Guerre du Viêt Nam
41%
1967 (Israël, Egypte, Syrie, Jordanie)Guerre des Six Jours
26%
1979-1989 (USA, URSS, Afghanistan)Guerre d'Afghanistan
24%
1982 (Royaume-Uni, Argentine)Guerre des Malouines
20%
1998-1999 (Kosovo, ex-Yougoslavie)Guerre du Kosovo
13%
1980-1988 (Iran, Irak)Première guerre du Golfe
13%
1945- 1949 (Indonésie, Pays-Bas)Guerre d'indépendance indonésienne
11%
1994-1996 (Russie, Tchétchénie)Première guerre de Tchétchénie
11%
1999-2009 (Russie, Tchétchénie)Deuxième guerre de Tchétchénie
9%
1990-1991 (Irak, Koweit, USA)Deuxième guerre du Golfe
9%
1992-1995 (Bosnie, ex-Yougoslavie)Guerre de Bosnie
9%
1991 (Croatie, ex-Yougoslavie)Guerre de Croatie
9%
1973 (Israel, Syrie, Egypte)Guerre de Kippour
9%
1991 (Slovénie, ex-Yougoslavie)Guerre de Slovénie
9%
1947-1949 (Inde, Pakistan)Première Guerre indo-pakistanaise
9%
1987-1993 (Israel, Palestine)Première Intifada
9%
1965 (Inde, Pakistan)Deuxième Guerre indo-pakistanaise
7%
1990-1993 (Rwanda)Guerre civile du Rwanda
7%
1962-1970 (Yemen)Guerre civile du Yémen
7%
1967-1970 (Nigeria)Guerre du Biafra
7%
1975-1991 (G)Guerre du Sahara occidental
7%
1962 (Inde, Chine)Guerre sino-indienne
7%
1979 (Vietnam, Chine)Guerre sino-vietnamienne
7%
1950-1951 (Tibet, Chine)Invasion du Tibet
7%
1952-1956 (Kenya)Révolte des Mau Mau
7%
1956-1959 (Cuba)Révolution cubaine
7%
1998-2003 (République démocratique du Congo, Namibie, Angola, Zimbabwe, Rwanda, et Ouganda)Deuxième guerre du Congo
4%
1991-1994 (Djibouti)Guerre civile de Djibouti
4%
1992-1993 (Géorgie, URSS)Guerre d'Abkhazie
4%
1963 (Maroc, Algérie)Guerre des sables
4%
1956Guerre de Suez
4%
1962-1991 (Erythree)Guerre d'indépendance de l'Érythrée
4%
1961-1974 (Angola, Guinée-Bissau, Mozambique)Guerres coloniales portugaises
4%
1974 (Turquie, Chypre)Invasion turque de Chypre
4%
1947 (Inde, Royaume-Uni, Pakistan)Partition des Indes
4%
1996-1997 (Rwanda, l'Angola, l'Ouganda, Congo)Première guerre du Congo
4%
1959-2011 (Espagne, France, Région Basque)Conflit basque
2%
1994-1999 (Namibie)Conflit de Caprivi
2%
1999 (Inde, Pakistan)Conflit de Kargil
2%
1969-1998 (Royaume-Uni, Irlande)Conflit de l'Irlande du Nord
2%
1962-1966 (Brunei, Indonésie, Royaume-Uni, Malaisie)Confrontation Indonésie-Malaisie
2%
1997 (Albanie)Crise albanaise
2%
1958 (Liban, USA)Crise au Liban
2%
1960-1965 (Congo)Crise congolaise
2%
1993 (Russie)Crise constitutionnelle russe
2%
1961 (Tunisie et France)Crise de Bizerte
2%
1958 (Taiwan, USA, ChineDeuxième crise du détroit de Taïwan
2%
1978 (Angola, Cuba, Zaire)Deuxième guerre du Shaba
2%
1994 (Rwanda)Génocide au Rwanda
2%
1960-1996 (Guatemala)Guerre civile au Guatemala
2%
1953-1975 (Laos)Guerre civile au Laos
2%
1975-1990 (Liban)Guerre civile au Liban
2%
1975-1992 (Mozambique)Guerre civile au Mozambique
2%
1994 (Yemen)Guerre civile au Yémen
2%
1948 (Costa Rica)Guerre civile costaricaine
2%
1989-1992 (Afghanistan) | 1992-1996 (Afghanistan) | 1996-2001 (Afghanistan)Guerre civile d'Afghanistan
2%
1992-2002 (Algérie)Guerre civile d'Algérie
2%
1991-1993 (Géorgie)Guerre civile de Géorgie
2%
1998-1999 (Guinée-Bissau)Guerre civile de Guinée-Bissau
2%
1975-2002 (Angola)Guerre civile de l'Angola
2%
1991-2002 (Sierra Leone)Guerre civile de Sierra Leone
2%
1991-? (Somalie)Guerre civile de Somalie
2%
1993-2005 (Burundi)Guerre civile du Burundi
2%
1997-1999 (Congo)Guerre civile du Congo-Brazzaville
2%
1947 (Paraguay)Guerre civile du Paraguay
2%
1979-1992 (Salvador)Guerre civile du Salvador
2%
1983-2009 (Sri Lanka)Guerre civile du Sri Lanka
2%
1992-1997 (Tadjikistan)Guerre civile du Tadjikistan
2%
1948-? (Birmanie/Myanmar)Guerre civile en Birmanie
2%
1974-1991 (Ethiopie)Guerre civile en Ethiopie
2%
1946-1949 (Grèce)Guerre civile en Gréce
2%
1979 (Iran)Guerre civile en Iran
2%
1981-1986 (Ouganda)Guerre de brousse en Ouganda
2%
1969 (Salvador, Honduras)Guerre de cent heures
2%
1985 (Burkina Faso)Guerre de la Bande d'Agacher
2%
1965-1988 (Afrique du Sud, Angola, URSS, Cuba)Guerre de la frontière sud-africaine
2%
1977-1978 (Somalie, Ethiopie)Guerre de l'Ogaden
2%
1957-1958 (Maroc)Guerre d'Ifni
2%
1955-1959 (Chypre)Guerre d'indépendance de Chypre
2%
1975-? (Cabinda)Guerre d'indépendance du Cabinda
2%
1972-1979 (Rhodésie du Sud, Zimbabwe)Guerre du Bush de Rhodésie du Sud
2%
1995 (Pérou, Equateur)Guerre du Cenepa
2%
1967 (Corée du Nord, Corée du Sud)Guerre du Crabe
2%
1992 (Moldavie)Guerre du Dniestr
2%
1981 (Pérou, Equateur)Guerre du Paquisha
2%
1965-1994 (Tchad)Guerre du Tchad
2%
1975-1999 (Timor oriental, Indonésie)Guerre du Timor oriental
2%
1977 (Egypte, Libye)Guerre égypto-libyenne
2%
1998-2000 (Ethiopie, Erythree)Guerre Ethiopie-Erythrée
2%
1978-1979 (Ouganda, Tanzanie)Guerre ougando-tanzanienne
2%
1991-1999 (Yougoslavie)Guerres en ex-Yougoslavie
2%
1948-1960 (Malaisie, Royaume-Uni, Australie, Nouvelle-Zélande)Insurrection communiste malaise
2%
1987-? (Ouganda)Insurrection de l'Armée de Résistance du Seigneur
2%
1947 (Madagascar)Insurrection malgache
2%
1983 (USA, GrenadesInvasion de la Grenade
2%
1968 (Tchécoslovaquie, URSS, Pologne)Invasion de la Tchécoslovaquie
2%
1989 (Panama, USA)Invasion du Panama par les États-Unis
2%
1948-1953 (Colombie)La Violencia en Colombie
2%
1965-1966 (USA, République dominicaine)Occupation de la République dominicaine par les États-Unis
2%
1954-1955 (Taiwan, USA, Chine)Première crise du détroit de Taïwan
2%
1989-2003 (Liberia)Première et deuxième guerre civile du Libéria
2%
1967-1975 (Cambodge)Première guerre civile au Cambodge
2%
1977 (Zaire, Angola)Première guerre du Shaba
2%
1955-1972 (Soudan)Première guerre du Sud-Soudan
2%
1994-1996 (Mexique)Révolte du Chiapas
2%
1961-1990 (Nicaragua)Révolution sandiniste
2%
1978-1991 (Cambodge)Seconde guerre civile au Cambodge
2%
1983-2005 (Soudan)Seconde guerre du Sud-Soudan
2%
1970 (Jordanie)Septembre noir
2%
1971 (Inde, Pakistan)Troisième guerre indo-pakistanaise
2%

Distribution des résultats

Percentile par nombre de réponses

% des personnes avec chaque résultat

Votre développement - résultats

Vous n’avez pas pris ce quiz